| 000 | 00438nam a22001577a 4500 | ||
|---|---|---|---|
| 008 | 240115b |||||||| |||| 00| 0 eng d | ||
| 020 | _a0-87484-74 | ||
| 050 |
_aHV 5825 .I53 1986 _b1 |
||
| 100 | _aINCIARDI, JAMES A. | ||
| 245 | _aTHE WAR ON DRUGS:HEROIN, COCAINE, AND PUBLIC POLICY | ||
| 260 |
_aCALIFORNIA _bMAYFIELD PUBLISHING COMPANY |
||
| 300 | _aXI,231P. | ||
| 500 | _aINCLUDES AN INDEX | ||
| 650 | _aDRUGS | ||
| 942 |
_2lcc _cBK |
||
| 999 |
_c208660 _d208660 |
||